El sistema de parentesco entre los machiguengas

Saved in:
Bibliographic Details
Main Author: Snell, Wayne (Author)
Format: Book
Language:Spanish
Published: Lima Instituto Nacional de Cultura 1974
Subjects:
Tags: Add Tag
No Tags, Be the first to tag this record!

MARC

LEADER 00000nam a2200000 a 4500
001 UCN5899
003 CL-VaPUC
008 010913e19740000PE |||||||||||||||||spa|d
082 0 4 |a 305.8985  |b SNE  |2 21 
100 0 |a Snell, Wayne  |e author  |9 461584 
245 1 3 |a El sistema de parentesco entre los machiguengas 
300 |a 17 p 
942 |c BK 
945 |d 20010913 00:00:00  |a rbrito 
260 |a Lima  |b Instituto Nacional de Cultura  |c 1974 
600 0 7 |a MACHIGUENGAS  |2 CL-VaPUC  |9 461585 
650 0 |a Etnografía   |9 309735 
650 0 |a Costumbres y tradiciones   |9 268292 
650 0 |a Etnolingüística  |9 341076 
650 7 |a GRUPOS ETNICOS  |2 CL-VaPUC  |9 324200 
651 0 |a Perú  |9 256567 
583 |a last modification  |c 20010913 00:00:00  |k Rodrigo Vera 
999 |c 297002  |d 297000 
952 |0 0  |1 0  |4 0  |6 305_898500000000000_SNE_1974  |7 0  |8 A  |9 351373  |a FDOPOS  |b FDOPOS  |d 2019-11-21  |i 3707490  |o 305.8985 SNE 1974  |p 3707490  |r 2023-08-09  |w 2019-11-21  |y BK  |k MLA